Information retrieval : (Record no. 20532)
[ view plain ]
| 000 -LEADER | |
|---|---|
| fixed length control field | 00975cam a22002535a 4500 |
| 001 - CONTROL NUMBER | |
| control field | 16007159 |
| 005 - DATE AND TIME OF LATEST TRANSACTION | |
| control field | 20151117151305.0 |
| 008 - FIXED-LENGTH DATA ELEMENTS--GENERAL INFORMATION | |
| fixed length control field | 091203t2010 maua frb 001 0 eng d |
| 020 ## - INTERNATIONAL STANDARD BOOK NUMBER | |
| International Standard Book Number | 9780262026512 (hardcover : alk. paper) |
| 040 ## - CATALOGING SOURCE | |
| Original cataloging agency | DLC |
| Transcribing agency | DLC |
| Modifying agency | EG-ScBUE |
| Language of cataloging | eng |
| 082 04 - DEWEY DECIMAL CLASSIFICATION NUMBER | |
| Classification number | 025.524 |
| Edition number | 22 |
| Item number | BUT |
| 100 1# - MAIN ENTRY--PERSONAL NAME | |
| Personal name | Büttcher, Stefan. |
| 9 (RLIN) | 38769 |
| 245 10 - TITLE STATEMENT | |
| Title | Information retrieval : |
| Remainder of title | implementing and evaluating search engines / |
| Statement of responsibility, etc | Stefan Buttcher, Charles L. A. Clarke, Gordon V. Cormack. |
| 260 ## - PUBLICATION, DISTRIBUTION, ETC. (IMPRINT) | |
| Place of publication, distribution, etc | Cambridge, Massachusetts ; |
| -- | London : |
| Name of publisher, distributor, etc | Massachusetts Institute of Technology, |
| Date of publication, distribution, etc | c.2010. |
| 300 ## - PHYSICAL DESCRIPTION | |
| Extent | xxiv, 606 p. : |
| Other physical details | ill. ; |
| Dimensions | 24 cm. |
| 500 ## - GENERAL NOTE | |
| General note | Index : p. 597-606. |
| 504 ## - BIBLIOGRAPHY, ETC. NOTE | |
| Bibliography, etc | Includes bibliographical references. |
| 650 #0 - SUBJECT ADDED ENTRY--TOPICAL TERM | |
| Topical term or geographic name as entry element | Search engines |
| General subdivision | Programming. |
| Source of heading or term | BUEsh |
| 650 #0 - SUBJECT ADDED ENTRY--TOPICAL TERM | |
| Topical term or geographic name as entry element | Information retrieval. |
| Source of heading or term | BUEsh |
| 653 ## - INDEX TERM--UNCONTROLLED | |
| Resource For college | Informatics and Computer Science |
| Arrived date list | August2015 |
| -- | November2015 |
| 700 1# - ADDED ENTRY--PERSONAL NAME | |
| Personal name | Clarke, Charles L. A., |
| Dates associated with a name | 1964- |
| 700 1# - ADDED ENTRY--PERSONAL NAME | |
| Personal name | Cormack, Gordon V. |
| 942 ## - ADDED ENTRY ELEMENTS (KOHA) | |
| Source of classification or shelving scheme | Dewey Decimal Classification |
| Call number prefix | 025.524 BUT |
| Withdrawn status | Lost status | Source of classification or shelving scheme | Damaged status | Not for loan | Koha collection | Home library | Current library | Shelving location | Date acquired | Source of acquisition | Cost, normal purchase price | Serial Enumeration / chronology | Total Checkouts | Total Renewals | Full call number | Barcode | Date last seen | Date last borrowed | Cost, replacement price | Koha item type |
|---|---|---|---|---|---|---|---|---|---|---|---|---|---|---|---|---|---|---|---|---|
| Dewey Decimal Classification | Baccah | Central Library | Central Library | Lower Floor | 17/08/2015 | Purchase | 330.00 | 21782 | 1 | 4 | 025.524 BUT | 000030764 | 15/07/2025 | 17/11/2018 | 413.00 | Book - Borrowing |